| Tag |
First Indicator |
Second Indicator |
Subfields |
| LEADER |
00000cam a2200000 4500 |
| 001 |
in00000096944 |
| 005 |
20150925090642.0 |
| 008 |
711213s1971 nyua 00010 eng |
| 010 |
|
|
|a 76158582
|
| 020 |
|
|
|a 0525162305
|c $6.50
|
| 035 |
|
|
|a (OCoLC)00215949
|
| 035 |
|
|
|9 AAL2659AM
|
| 040 |
|
|
|a DLC
|c DLC
|d OCL
|d TXA
|d UtOrBLW
|
| 043 |
|
|
|a n-usa--
|
| 049 |
|
|
|a TXAM
|c 1 [712539]
|c 2 [1112148]
|
| 050 |
0 |
0 |
|a TN291
|b .C37 1971
|
| 082 |
0 |
|
|a 333.7/5
|
| 100 |
1 |
|
|a Caudill, Harry M.,
|d 1922-1990.
|
| 245 |
1 |
0 |
|a My land is dying /
|c [by] Harry M. Caudill.
|
| 250 |
|
|
|a [1st ed.].
|
| 264 |
|
1 |
|a New York :
|b E. P. Dutton,
|c 1971.
|
| 300 |
|
|
|a 144 pages :
|b illustrations ;
|c 23 cm.
|
| 336 |
|
|
|a text
|b txt
|2 rdacontent
|
| 337 |
|
|
|a unmediated
|b n
|2 rdamedia
|
| 338 |
|
|
|a volume
|b nc
|2 rdacarrier
|
| 650 |
|
0 |
|a Strip mining.
|
| 650 |
|
0 |
|a Environmental policy.
|
| 650 |
|
0 |
|a Coal mines and mining
|z Appalachian Region.
|
| 999 |
|
|
|a MARS
|
| 999 |
f |
f |
|s 8e7ada48-6d6e-37ee-afc4-3c2699caed85
|i 56a6c377-f77f-3370-a84d-21434bcd2408
|t 0
|
| 952 |
f |
f |
|p ric
|a Texas A&M University
|b Rellis Campus
|c Joint Library Facility
|d Remote Storage
|t 0
|e TN291 .C37 1971
|h Library of Congress classification
|i unmediated -- volume
|m A14805575691
|
| 952 |
f |
f |
|p normal
|a Texas A&M University
|b College Station
|c Sterling C. Evans Library
|d Evans: Library Stacks
|t 0
|e TN291 .C37 1971
|h Library of Congress classification
|i unmediated -- volume
|m A14805575683
|
| 998 |
f |
f |
|a TN291 .C37 1971
|t 0
|l Evans: Library Stacks
|
| 998 |
f |
f |
|a TN291 .C37 1971
|t 0
|l Remote Storage
|